| 000 | 00775nmc a2200301 a 4500 | ||
|---|---|---|---|
| 003 | AR-BaBNM | ||
| 005 | 20251128205236.0 | ||
| 008 | 297019s1968 ||||||||||||||000 | spa|| | ||
| 040 | _cAR-BaBNM | ||
| 100 | 1 |
_aAbalos, Jorge W. _d1915-1979 |
|
| 245 | 1 | 0 | _aShunko |
| 250 | _a6ยช ed. | ||
| 260 |
_aBuenos Aires _bLosada _c1968 |
||
| 300 | 0 | _a154 p. | |
| 490 | 0 | _aLecturas selectas escolares | |
| 500 | 0 | _aContiene vocabulario en p. 139-154 | |
| 650 | 4 | _aLITERATURA ARGENTINA | |
| 650 | 4 | _aNOVELAS | |
| 650 | 4 | _aLEYENDAS | |
| 650 | 4 | _aCOSTUMBRES Y TRADICIONES | |
| 650 | 4 | _aLITERATURA FOLKLORICA | |
| 653 | 0 | _aNOVELA DE PERSONAJE | |
| 653 | 0 | _aLITERATURA JUVENIL | |
| 653 | 0 | _aLITERATURA REGIONAL | |
| 655 | _aLITERATURA | ||
| 942 | _cBK | ||
| 998 | _claura | ||
| 999 |
_c10557 _d10557 |
||